000 00615nam a2200205Ia 4500
003 OSt
005 20241001155858.0
008 210210b1985 xxu||||| |||| 00| 0 eng d
040 _cAL
041 _aKannada
082 _aK494.5 SITC
100 _aSITARAMA KEDILLAYA (Ka Pu).
_dಸೀತಾರಾಮ ಕೆದಿಲ್ಲಾಯ (ಕಾ ಪು)
_9181109
245 _aChhandodarpanam.
_bಛಂದೋದರ್ಪಣಮ್.
260 _aMangaluru.
_bBharadhvaja Prakashana
_c1985
300 _aviii,147
650 _aChandassu
_9181110
690 _aKannada Grammar
_9181111
906 _a036774
942 _2ddc
_cBK
999 _c87450
_d87450